000 01111 a2200229 4500
001 257
005 20260407155417.0
008 260407a2001 arg spa d
003 AR-UNSa-BCEJYS
040 _aAR-UNSa-BCEJYS
_bspa
_cAR-UNSa-BCEJYS
080 _a658.15
_xAdministración financiera privada. Gestión financiera de empresas
245 1 0 _aDiagnóstico financiero
_panálisis y planificación
020 _a978-987-9164-56-3
250 _a1a. ed
264 1 _aBuenos Aires :
_bTemas Grupo Editorial
_c2001
300 _a309 p.
_c22 cm.
505 _a1. Introducción al diagnóstico financiero - 2. Tratamiento de la información financiera - 3. Modelo de diagnóstico financiero - 4. El equilibrio de la estructura patrimonial - 5. Rentabilidad de la estructura económica - 6. Determinación del potencial de crecimiento - 7. Planificación financiera - 8. Casos de aplicación
942 _cBK
590 _aniveau_biblio:m niveau_hierar:0
100 1 _aSbdar, Manuel
856 4 1 _uhttps://biblioeco.unsa.edu.ar/pmb/images/libros/Diagnostico Financiero-l117689.jpg
_yImagen de portada
_qimage/jpeg
999 _c171
_d171